[Event "Morbihan-ch 0203"]
[Site "Morbihan"]
[Date "2002.10.19"]
[Round "1"]
[White "Gueguen, Patrick"]
[Black "Duplessy, Franck"]
[Result "1-0"]
[WhiteElo "1560"]
[BlackElo "2130"]
[PlyCount "89"]
[EventDate "2002.10.19"]
[EventType "swiss"]
[EventRounds "7"]
[EventCountry "FRA"]
[SourceTitle "EXT 2008"]
[Source "ChessBase"]
[SourceDate "2007.11.25"]
[SourceVersion "1"]
[SourceVersionDate "2007.11.25"]
[SourceQuality "1"]

1. d4 e6 2. Nf3 b6 3. g3 Bb7 4. Bg2 d5 5. 0-0 Nf6 6. Bg5 Nbd7 7. Nbd2 h6 8. Bxf6 Nxf6 9. e3 c5 10. b3 Rc8 11. Qe2 Be7 12. Ne5 0-0 13. c4 Ba6 14. Rac1 cxd4 15. exd4 Rc7 16. Qe3 Qc8 17. a4 Rd8 18. Rfd1 Bb4 19. Bf1 Bxd2 20. Rxd2 Nd7 21. Rdc2 Nxe5 22. Qxe5 Rdd7 23. Qe1 Bb7 24. Bg2 Qd8 25. c5 bxc5 26. Rxc5 Rxc5 27. Rxc5 Qb6 28. Qc3 a6 29. a5 Qd6 30. b4 g6 31. f4 Kg7 32. Qe3 h5 33. h4 Qe7 34. Kf2 Rd6 35. Qe5+ f6 36. Qe2 Rd7 37. Qc2 Qd6 38. Bh3 Re7 39. b5 axb5 40. Rxb5 e5 41. fxe5 Qa3 42. exf6+ Kxf6 43. Rb6+ Kf7 44. Qxg6+ Kf8 45. Rf6+ 1-0

[Event "Morbihan-ch 0102"]
[Site "Morbihan"]
[Date "2002.01.12"]
[Round "3"]
[White "Jambou, Gilbert"]
[Black "Gueguen, Patrick"]
[Result "1-0"]
[WhiteElo "1660"]
[BlackElo "1499"]
[PlyCount "132"]
[EventDate "2001.10.20"]
[EventType "swiss"]
[EventRounds "7"]
[EventCountry "FRA"]
[SourceTitle "EXT 2005"]
[Source "ChessBase"]
[SourceDate "2004.11.15"]
[SourceVersion "1"]
[SourceVersionDate "2004.11.15"]
[SourceQuality "1"]

1. e4 e5 2. Nf3 Nc6 3. Nc3 Nf6 4. Bb5 Bc5 5. 0-0 d6 6. d4 exd4 7. Nxd4 Bd7 8. Nxc6 bxc6 9. Ba4 0-0 10. Bg5 h6 11. Bh4 Rb8 12. Rb1 Re8 13. Qd3 Re5 14. Kh1 Rh5 15. Bg3 Rb4 16. f3 Rd4 17. Qe2 Qe8 18. a3 Be6 19. Bb3 Bxb3 20. cxb3 Nd7 21. f4 f6 22. Bf2 Qg6 23. Bxd4 Bxd4 24. g3 Rh3 25. Qc4+ Kh7 26. Qxd4 Qxg3 27. Qf2 Qg4 28. Qg2 Qh5 29. Rf2 Nc5 30. Rg1 g6 31. Qg4 Qxg4 32. Rxg4 Nxb3 33. Rg3 Rh4 34. Kg2 Nc5 35. Kf3 Nd3 36. Rd2 Nxf4 37. Rg4 Rxg4 38. Kxg4 Ne6 39. h3 h5+ 40. Kg3 g5 41. b4 a6 42. Ne2 Kg6 43. Nd4 Nxd4 44. Rxd4 Kf7 45. Rc4 c5 46. bxc5 Ke6 47. cxd6 Kxd6 48. Ra4 c5 49. Rxa6+ Ke5 50. Ra4 Kd6 51. Rc4 Kc6 52. a4 Kb6 53. Rc2 Kc6 54. a5 Kb5 55. a6 Kxa6 56. Rxc5 Kb6 57. Rf5 Kc6 58. h4 gxh4+ 59. Kxh4 Kd6 60. Kxh5 Ke6 61. Kg6 Ke7 62. Kg7 Kd6 63. Kxf6 Kc6 64. Ke7 Kc7 65. Rf6 Kc8 66. Kd6 Kb7 1-0

[Event "Morbihan-ch 0102"]
[Site "Morbihan"]
[Date "2001.11.24"]
[Round "2"]
[White "Gueguen, Patrick"]
[Black "Cailloce, Philippe"]
[Result "1-0"]
[WhiteElo "1499"]
[BlackElo "1260"]
[PlyCount "95"]
[EventDate "2001.10.20"]
[EventType "swiss"]
[EventRounds "7"]
[EventCountry "FRA"]
[SourceTitle "EXT 2005"]
[Source "ChessBase"]
[SourceDate "2004.11.15"]
[SourceVersion "1"]
[SourceVersionDate "2004.11.15"]
[SourceQuality "1"]

1. e4 e5 2. Nf3 Nc6 3. Bc4 Nf6 4. Nc3 d6 5. h3 g6 6. Ng5 d5 7. exd5 Nxd5 8. Nxd5 Bd6 9. Nxf7 Kxf7 10. Nxc7+ Be6 11. Qf3+ Ke7 12. Nxe6 Qd7 13. 0-0 Rac8 14. d3 Na5 15. Bg5+ Ke8 16. Qf6 Rg8 17. Nc7+ Rxc7 18. Bxg8 Nc6 19. Be6 Qe7 20. Qh8+ Qf8 21. Qxf8+ Kxf8 22. Rae1 Nd4 23. Bd5 Rxc2 24. Bf6 h5 25. Bxe5 Ne2+ 26. Rxe2 Rxe2 27. Bxd6+ Kg7 28. Bxb7 Rxb2 29. Be5+ Kh7 30. Bxb2 a5 31. Rc1 a4 32. d4 Kg7 33. d5+ Kf7 34. d6 Ke8 35. Rd1 a3 36. Bxa3 g5 37. d7+ Kd8 38. Be7+ Kxe7 39. d8Q+ Ke6 40. Qxg5 h4 41. f3 Kf7 42. Rd7+ Ke6 43. Qd5+ Kf6 44. Rd6+ Ke7 45. Qe6+ Kf8 46. Qf6+ Kg8 47. Bd5+ Kh7 48. Rd7# 1-0

[Event "Morbihan-ch 0102"]
[Site "Morbihan"]
[Date "2001.10.20"]
[Round "1"]
[White "Le Clanche, Joel"]
[Black "Gueguen, Patrick"]
[Result "1-0"]
[WhiteElo "1870"]
[BlackElo "1499"]
[PlyCount "121"]
[EventDate "2001.10.20"]
[EventType "swiss"]
[EventRounds "7"]
[EventCountry "FRA"]
[SourceTitle "EXT 2005"]
[Source "ChessBase"]
[SourceDate "2004.11.15"]
[SourceVersion "1"]
[SourceVersionDate "2004.11.15"]
[SourceQuality "1"]

1. e4 e5 2. Nf3 Nc6 3. Bb5 d6 4. d4 Bd7 5. d5 Na5 6. Bd3 b5 7. Nc3 a6 8. b4 Nc4 9. Bxc4 bxc4 10. Qe2 Bg4 11. Qxc4 Bxf3 12. gxf3 g5 13. Qc6+ Ke7 14. Bxg5+ f6 15. Be3 Bh6 16. Rg1 Bxe3 17. fxe3 Kf7 18. Kf2 Ne7 19. Qc4 Qd7 20. Rg3 Rhg8 21. Rag1 Rxg3 22. Rxg3 Qc8 23. Qf1 Ng6 24. Qh3 Qxh3 25. Rxh3 Kg7 26. a4 Ra7 27. Ne2 Rb7 28. c3 Rb8 29. Rg3 h5 30. f4 Kh6 31. f5 Nf8 32. Rg1 Rc8 33. h4 Rd8 34. Rb1 Nd7 35. Rg1 Nf8 36. Nc1 Rb8 37. Nd3 Nd7 38. a5 Nf8 39. c4 Nd7 40. Ke2 Kh7 41. Kd2 Rb7 42. Kc3 Nb8 43. Kb3 c6 44. Ka4 Rc7 45. Kb3 c5 46. bxc5 dxc5 47. Kc3 Nd7 48. Rb1 Ra7 49. Rb3 Kg7 50. Nb2 Ra8 51. Rb7 Rd8 52. Ra7 Kh6 53. Rxa6 Rg8 54. Rd6 Rd8 55. Na4 Ra8 56. Rxd7 Rxa5 57. Kb3 Ra8 58. Rd6 Kg7 59. Nxc5 Ra1 60. Re6 Re1 61. d6 1-0